Anagrammes de Pays en énigmes #1 - Statistiques

Statistiques générales
  • Ce quiz a été pris 6 512 fois
  • Le résultat moyen est 11 sur 30
Statistiques - réponses
Indice Réponse % Correct
Pas Pepsi COCA
85%
Roi de la jungle LION
84%
Ami de Blanche-Neige NAIN
76%
Bus CAR
73%
Partie du corps, chef TETE
68%
Frère de Caïn ABEL
66%
01 AIN
66%
Premier lien entre la maman et son bébé CORDON
65%
Chef des minions GRU
56%
Oiseau sur le drapeaudu pays précédent AIGLE
53%
Organe pair REIN
52%
Belle-fille BRU
44%
ABEL + AIN ALBANIE
40%
NEF + CAR FRANCE
28%
TETE + LION LETTONIE
27%
6ème lettre de l'alphabet grec ZETA
26%
BRU + AIGLE BULGARIE
24%
Eau stagnante ETANG
23%
Navire NEF
22%
Luth indien SITAR
20%
NAIN + ZETA TANZANIE
20%
Un peu pâle PALOT
18%
ETANG + REIN ARGENTINE
15%
Pronom personnel ou réfléchi LUI
15%
SITAR + COCA COSTA RICA
14%
Espace de temps DUREE
11%
GRU + PALOT PORTUGAL
11%
CORDON + DUREE COREE DU NORD
8%
Auteur ou réalisateur de films CINEASTE
7%
LUI + CINEASTE SAINTE-LUCIE
3%
Aucun quiz correspondant
Distribution des résultats
% des personnes avec chaque résultat
Percentile par nombre de réponses
Votre historique - résultats
Vous n’avez pas pris ce quiz